| 000 | 00345nam a22001337a 4500 | ||
|---|---|---|---|
| 020 | _qHB. | ||
| 040 | _cFIZZA ISHAQ | ||
| 082 |
_a006.31 _bVAL |
||
| 100 |
_aBALAS,EMILIA VALENTINA. _991544 |
||
| 245 |
_aHANDBOOK OF DEEP LEARNING APPLICATIONS / _cVALENTINA EMILIA BALAS. |
||
| 260 |
_aSPRINGER ; _c2019. |
||
| 300 | _a383 P. ; | ||
| 942 |
_2ddc _cBK |
||
| 999 |
_c589671 _d589671 |
||